00851nam a2200229 4500003000900000005001700009008004100026040004600067082002400113110003600137245012300173264003600296300003900332336002200371337002400393338003300417504004200450546002400492650003800516651001000554856005700564EG-GICUC20260408155958.0260408s1968 Sz a|||f |||| 00| 0 Fre d a EG-GICUCbfrec EG-GICUCd EG-GICUCerda04a341.33bC O . A221 kCode Diplomatique Et Consulaire aAnnuaire Pour Le Corps Diplomatique Et Consulaire Du Monde Entier :nVolume II /cPar Code Diplomatique Et Consulaire. aSuisse:bArogno-Lugano, c1968. a976 Pages:billustration ;c24 Cm. 2rda contentatext 2rda mediaaComputer 2rda carrieraOnline Resource aBibliography: pages 200-250. 240-220  aTexte en français14aDroit international Public2qrmak1 2qrmak40uhttps://fll.law.cu.edu.eg/fulltext/bks/B11-06834.pdf